• 首页
  • 本馆介绍
  • 公告通知
  • 最新文献
  • 馆藏检索
  • 电子资源
  • 读者导购
  • 参考咨询
  • 我的图书馆
  • 登录
  • 详细信息显示
  • 放入我的书架
  • 预约/预借图书
  • 作者相关作品
  • 分类相关作品
  • 丛书相关作品
  • 出版社相关作品

书目信息

  • 表格格式
  • 工作单格式
  • 卡片格式
题名:
季羡林:读书有用
    
 
作者: 季羡林 著
分册:  
出版信息: 北京   中国书店  2008
页数: 218页
开本: 23cm
丛书名:
单 册:
中图分类: G792-53
科图分类:
主题词: 读书方法--文集 , 读书方法
电子资源:
ISBN: 978-7-80663-537-7
000 00715nam0 2200229 450
001 1238328407
005 20121007103928.14
010    @a978-7-80663-537-7@dCNY28.00
100    @a20080805d2008 em y0chiy50 ea
101 0  @achi
102    @aCN@b110000
105    @aa z 000yd
200 1  @a季羡林:读书有用@Aji xian lin du shu you yong@f季羡林著
210    @a北京@c中国书店@d2008
215    @a218页@c照片@d23cm
330    @a本书分为读书与成才、读书与治学、读书与写作、读书与修身四部分,收录了季羡林对读书的感触等文章。
606 0  @a读书方法@j文集
606 0  @a读书方法
690    @aG792-53@v4
701  0 @a季羡林@Aji xian lin@f(1911~2009)@4著
801  0 @aCN@bNLC@c20101222
905    @a10447@dG792-53@eJY164
    
    季羡林:读书有用/季羡林著.-北京:中国书店,2008
    218页:照片;23cm
    
    
    ISBN 978-7-80663-537-7:CNY28.00
    本书分为读书与成才、读书与治学、读书与写作、读书与修身四部分,收录了季羡林对读书的感触等文章。
●
相关链接 在E读中查询图书 在五车中查询图书 在当当中查询图书 在豆瓣中查询图书


正题名:季羡林:读书有用     索取号:G792-53/JY164         预约/预借

序号 登录号 条形码 馆藏地/架位号 状态 备注
1 7828385   278283858   学院路分馆/ [索取号:G792-53/JY164] 在馆    
2 7828386   278283867   学院路分馆/ [索取号:G792-53/JY164] 在馆    
唐山师范学院图书馆 欢迎您!
大连网信软件有限公司© 版权所有